| 000 | 00671nam a22002417a 4500 | ||
|---|---|---|---|
| 005 | 20231012101526.0 | ||
| 008 | 160329b2011 xxu||||| |||| 00| 0 spa d | ||
| 020 | _a9789972233630 | ||
| 041 | _aESP | ||
| 082 | _a305.232 A939a | ||
| 245 | _aAutoestima del niño: formación y mejora | ||
| 260 |
_aPerú _bEdiciones Mirbet _c2011 |
||
| 300 | _a135 páginas | ||
| 650 | _aAUTOESTIMA DEL NIÑO | ||
| 650 | _aAUTOCONCEPTO | ||
| 650 | _aSUSCEPTIBILIDAD | ||
| 650 | _aSEGURIDAD | ||
| 650 | _aMOTIVACIÓN INFANTIL | ||
| 650 | _aMALA CONDUCTA | ||
| 650 | _aACOSO ESCOLAR | ||
| 650 | _aNIÑOS RECHAZADOS | ||
| 942 |
_cLIT _2ddc |
||
| 999 |
_c7876 _d7876 |
||